00481nam a22001577a 450000500170000000800410001702000180005804100130007608200150008910000290010424500810013325000180021426000470023230000190027965000250029820240201095517.0240201b |||||||| |||| 00| 0 eng d a9781485101154 aEnglish  a346.5 MEY  aMeyerowitz, D lEnglish  aMeyerowitz on Administration of Estates and their Taxation / cD Meyerowitz  a2010 Edition  aCape Town : bMeytax Publishers cc, c2010 bxxx, c25 cm.  aLegal practice bLaw